|
|
|
|
| LEADER |
01151nam a2200397 4500 |
| 001 |
DLU100106302 |
| 005 |
##20100414 |
| 008 |
##950310s1994 si a b 000 0 eng d |
| 010 |
# |
# |
|a 95137192
|
| 020 |
# |
# |
|a 9810216653
|
| 035 |
# |
# |
|9 (DLC) 95137192
|
| 035 |
# |
# |
|a (OCoLC)32128587
|
| 040 |
# |
# |
|a MiU
|c MiU
|d MdU
|d DLC
|
| 042 |
# |
# |
|a lccopycat
|
| 050 |
# |
# |
|a QH509.5
|b .B56 1994
|
| 082 |
# |
# |
|a 574.191 7
|b Bio
|
| 245 |
# |
# |
|a Bioelectrodynamics and biocommunication /
|c editors Mae-Wan Ho, Fritz-Albert Popp, Ulrich Warnke.
|
| 260 |
# |
# |
|a Singapore ;
|a River Edge, NJ :
|b World Scientific,
|c c1994.
|
| 300 |
# |
# |
|a xvii, 436 p. :
|b ill. ;
|c 23 cm.
|
| 504 |
# |
# |
|a Includes bibliographical references.
|
| 650 |
# |
# |
|a Bioelectronics.
|
| 650 |
# |
# |
|a Communication in medicine.
|
| 650 |
# |
# |
|a Electromagnetism
|x Physiological effect.
|
| 700 |
# |
# |
|a Ho, Mae-Wan.
|
| 700 |
# |
# |
|a Popp, Fritz Albert.
|
| 700 |
# |
# |
|a Warnke, Ulrich.
|
| 923 |
# |
# |
|a 02/2010
|
| 992 |
# |
# |
|a 13080
|
| 994 |
# |
# |
|a DLU
|
| 900 |
# |
# |
|a True
|
| 911 |
# |
# |
|a Đào Thị Thu Huyền
|
| 925 |
# |
# |
|a G
|
| 926 |
# |
# |
|a A
|
| 927 |
# |
# |
|a SH
|
| 980 |
# |
# |
|a Thư viện Trường Đại học Đà Lạt
|